Historia de España - Estadísticas

Estadísticas generales
  • Esta prueba ha sido intentada 8.293 veces
  • La puntuación promedio es 15 de 22
Estadísticas de respuestas
Pista Respuesta % Correcto
El dictador de España desde 1939-1975 Francisco Franco
98%
La sede de los Juegos Olímpicos en 1992 Barcelona
97%
La famosa novela de Miguel de Cervantes Don Quijote
93%
El pintor de "Guernica" Pablo Picasso
93%
La guerra de los años 1930 Guerra Civil
88%
Los monarcas que se casaron ^ Isabel I
85%
Los monarcas que se casaron ^ Fernando II
82%
El año de su primer viaje 1492
81%
Los reinos unidos por un matrimonio real en 1469 Castilla
80%
El explorador italiano quien reclamó el Nuevo Mundo para España Cristóbal Colón
80%
Los reinos unidos por un matrimonio real en 1469 Aragón
79%
El nombre romano de España Hispania
79%
El imperio conquistado por Hernán Cortés Aztecas
73%
El imperio conquistado por Francisco Pizarro Inca
72%
La antiqua capital y residencia de El Greco Toledo
65%
La rama marítima de 1588 para la invasión de Inglaterra Armada Española
43%
España ganó este evento en 2010 Copa Mundial de la FIFA
42%
El antiguo grupo étnico de Iberia con una lengua muy única Vascos
41%
El programa para mantener la ortodoxia religiosa Santa Inquisición
39%
El grupo musulmán de África que invadió España en 711 Moros
27%
El tipo de barco español más famoso Galeón
21%
Palabra que significa una de las fincas agrícola en el Nuevo Mundo Hacienda
12%
No se encontraron pruebas coincidentes
Distribución de puntuación
Porcentaje de gente con cada puntuación
Porcentaje por número respondido
Historial de tus puntuaciones
No has intentado esta prueba.